000 01525cad a22002295a 4500
001 L146379
008 081111e20081209xxkd f s 000 0 eng d
035 _a(Sirsi) u146379
041 0 _aeng
050 0 4 _a333.33 $2 18
110 2 _aRoyal Institution of Chartered Surveyors
_94900
245 0 0 _aRICS housing market survey United Kingdom
_bDecember 2008
_h[electronic resource]
260 _aLondon
_bRICS
_c2008
490 _aRICS Housing Market Survey United Kingdom
_vDecember 2008
520 _aSurvey shows a further improvement in the RICS house price balance, now standing at its least depressed since February 2008. The net balance of Chartered Surveyors reporting a fall than a rise in house prices improved from -75.8 to -75.3 in December. The average number of transactions per surveyor (over the last three months) fell to 10.1%, once again setting a new low for activity. New buyer enquiries and newly agreed sales balances are still negative but improved. Inventory of stocks on surveyor's books dropped to 78.1 in December. The price balance in Scotland fell to its lowest level since the start of the current crisis, while the balance in Northern Ireland improved slightly.
590 _aKA
650 2 4 _aRICS HOUSING MARKET SURVEY UNITED KINGDOM
651 4 _aUnited Kingdom
_y
690 _aPROPERTY-RESIDENTIAL PROPERTY-RESIDENTIAL PROPERTY MARKET
856 4 0 _uhttps://www.rics.org/site/scripts/download_info.aspx?downloadID=9
_zView the item free of charge online at www.rics.org...
942 _n0
999 _c109148
_d109148